| 000 | 00676nam a2200169Ia 4500 | ||
|---|---|---|---|
| 008 | 220216s9999 xx 000 0 und d | ||
| 100 | _aRoy C.B | ||
| 245 | 0 | _aGenetic dissection of disease resistance trait in rubber tree (Hevea brasiliensis) through QTL mapping | |
| 260 | _bInternational Rubber Conference & IRRDB Annual Meeting 2017: Current and Future Challenges in Natural Rubber Industry: Capturing Opprtunities in the Green Economy, 18-20 October 2017, Jakarta, Indonesia. p. 34. | ||
| 650 | _aDisease resistance | ||
| 650 | _aGenetic dissection | ||
| 650 | _aQTL mapping | ||
| 700 | _aKilian Andrzej | ||
| 700 | _aMadhavan J | ||
| 700 | _aSaha T | ||
| 942 | _cBS | ||
| 999 |
_c50279 _d50279 |
||